Venado cola blanca en Oaxaca (Registro nro. 20689)

Detalles MARC
000 -CABECERA
Campo de control 00955nam a22002297a 4500
005 - FECHA Y HORA DE LA ULTIMA TRANSACCION
Campo de control 20200103114037.0
008 - ELEMENTOS DE LONGITUD FIJA—INFORMACION GENERAL
Campo de control 200103b xxu||||| |||| 00| 0 spa d
020 ## - ISBN
ISBN 9786077579526
040 ## - FUENTE DE CATALOGACIÓN
Agencia catalogadora original CO-BoIAVH
Agencia transcriptora CO-BoIAVH
041 ## - IDIOMA
Código de idioma para texto/pista de sonido o título separado Español
044 ## - PAÍS DE PUBLICACIÓN
País de publicación México
082 ## - NUMERO DE CLASIFICACION DECIMAL DEWEY
Número de clasificación 599.652
Número del ítem M31v
100 ## - ASIENTO PRINCIPAL--NOMBRE PERSONAL
9 (RLIN) 102246
Nombre personal Mandujano Rodríguez, Salvador
Término relacionado editor
245 ## - MENCION DE TITULO
Título Venado cola blanca en Oaxaca
Parte restante del título potencial, conservación, manejo y monitoreo
Mención de responsabilidad Salvador Mandujano Rodríguez, editor
250 ## - MENCION DE EDICION
Mención de edición Primera edición impresa
260 ## - PUBLICACION, DISTRIBUCION, ETC. (PIE DE IMPRENTA)
Lugar de publicación, distribución, etc. México,
Nombre del editor, distribuidor, etc. Instituto de Ecología,
-- Comisión Nacional para el Conocimiento y Uso de la Biodiversidad (CONABIO),
Fecha de publicación, distribución, etc. 2016
300 ## - DESCRIPCION FISICA
Extensión 287 páginas
Otros detalles físicos Fotografías, mapas y gráficos a color
Dimensiones 22.5 x 16.5 cm
504 ## - NOTA DE BIBLIOGRAFIA, ETC.
Nota de bibliografía Bibliografía (páginas 273 - 286)
650 #0 - ASIENTO SECUNDARIO DE MATERIA - TERMINO TEMATICO
9 (RLIN) 49528
Término temático o nombre geográfico como elemento de entrada Venado de cola blanca
Subdivisión geográfica Oaxaca - México
650 #0 - ASIENTO SECUNDARIO DE MATERIA - TERMINO TEMATICO
9 (RLIN) 49103
Término temático o nombre geográfico como elemento de entrada Conservación animales
Subdivisión de forma venado cola blanca
Subdivisión geográfica Oaxaca - México
942 ## - ELEMENTOS ADICIONALES (KOHA)
Sistema de clasificación Dewey Decimal Classification
Tipo de ítem Libro
Existencias
Withdrawn status Lost status Sistema de Clasificación Damaged status No para préstamo Colección Ubicación Permanente Ubicación actual Fecha de adquisición Total Checkouts Número topográfico Inventario / Código de Barras Date last seen Ejemplar Price effective from Forma de adquisición Tipo de material
    Dewey Decimal Classification     General Bogotá Bogotá 03/01/2020   LB-599.652 M31v 043973 03/01/2020 Ej. 1 03/01/2020 Donación Libro